Ako na to?

Modelovanie postavy - zásady zdravého chudnutia.

Saved in:
Bibliographic Details
Main Author: Voltnerová, Zuzana, 1964-
Format: Book Chapter
Language:Slovak
Subjects:
Tags: Add Tag
No Tags, Be the first to tag this record!

MARC

LEADER 00000naa a2200000 4500
001 0133851
005 20240502072513.4
041 0 |a slo 
044 |a SK 
245 1 0 |a Ako na to?  |c Zuzana Voltnerová 
520 |a Modelovanie postavy - zásady zdravého chudnutia. 
610 2 0 |a zdravie 
610 2 0 |a výživa 
100 1 |a Voltnerová, Zuzana, 1964-